Most Common Last Names in Africa - Statistics

General Stats
  • This quiz has been taken 37 times
  • The average score is 7 of 54
Answer Stats
Country Last Name % Correct
Comoros Mohamed
80%
Djibouti Mohamed
80%
Egypt Mohamed
80%
Eritrea Ali
50%
Libya Ali
50%
Somalia Ali
50%
Sudan Ahmed
37%
Mauritania Ba
30%
Mali Traore
27%
Nigeria Ibrahim
20%
Cote d'Ivoire (Ivory Coast) Kone
17%
Cabo Verde (Cape Verde) Lopes
17%
Guinea Diallo
13%
Sao Tome & Principe Fernandes
13%
Guinea-Bissau Gomes
13%
Sierra Leone Kamara
13%
Senegal Ndiaye
13%
Benin Bio
7%
Congo (Democratic Republic of) Ilunga
7%
Chad Mahamat
7%
Ghana Mensah
7%
Burkina Faso Ouedraogo
7%
Algeria Saidi
7%
Niger Abdou
3%
Malawi Banda
3%
South Sudan Deng
3%
Eswatini Dlamini
3%
Seychelles Hoareau
3%
Namibia Johannes
3%
Tanzania Juma
3%
Mozambique Langa
3%
Togo Lawson
3%
Angola Manuel
3%
Botswana Molefe
3%
Central African Republic Moussa
3%
Gabon Ndong
3%
Cameroon Ngo
3%
Congo (Republic of) Ngoma
3%
South Africa Nkosi
3%
Burundi Nkurunziza
3%
Zambia Phiri
3%
Ethiopia Tesfaye
3%
Tunisia Trabelsi
3%
Uganda Akello
0%
Morocco Alaoui
0%
Mauritius Beeharry
0%
Gambia Jallow
0%
Liberia Kollie
0%
Lesotho Mohapi
0%
Zimbabwe Moyo
0%
Kenya Mwangi
0%
Equatorial Guinea Ngema
0%
Madagascar Rakotomalala
0%
Rwanda Uwimana
0%
No matching quizzes found
Score Distribution
Percent of People with Each Score
Percentile by Number Answered
Your Score History
You have not taken this quiz